00337nam a2200121Ia 4500008004100000041000800041082001200049100002100061245004500082260004500127300003200172365001100204240624s9999 xx 000 0 und d aeng a828 NEM aNEMANI SHANKAR G aSTAY YOUNG AND HEALTHY THROUGH THE BUSIN c2014aNew DelhibIndian Publishing House aviii, : 152 : p. : cm. ; 21 cRSb25